Вып. 19 : Знаменательные даты на 1973 год; Из истории авиации и космонавтики

Detalles Bibliográficos
Parent link:Из истории авиации и космонавтики: [сборник]/ Академия наук СССР (АН СССР) ; Советское национальное объединение историков естествознания и техники. Вып. 19 : Знаменательные даты на 1973 год.— , 1964-1984
Outros autores: Анощенко Н. Д. Николай Дмитриевич (редактор)
Idioma:ruso
Publicado: 1973
Subjects:
Formato: MixedMaterials Libro
KOHA link:https://koha.lib.tpu.ru/cgi-bin/koha/opac-detail.pl?biblionumber=215559

MARC

LEADER 00000nam2a2200000 4500
001 215559
005 20231101225958.0
035 |a (RuTPU)RU\TPU\book\235487 
035 |a RU\TPU\book\235477 
090 |a 215559 
100 |a 20120514d1973 k y0rusy50 ca 
101 0 |a rus 
102 |a RU 
105 |a y z 001zy 
200 0 |a Вып. 19 : Знаменательные даты на 1973 год  |f под ред. Н. Д. Анощенко 
210 |d 1973 
215 |a 144 с. 
320 |a Библиогр. в конце ст. 
461 1 |0 (RuTPU)RU\TPU\book\230046  |t Из истории авиации и космонавтики  |o [сборник]  |f Академия наук СССР (АН СССР) ; Советское национальное объединение историков естествознания и техники  |v Вып. 19 : Знаменательные даты на 1973 год  |d 1964-1984 
606 1 |a Авиация СССР  |x История  |2 stltpush  |3 (RuTPU)RU\TPU\subj\525  |9 29424 
606 1 |a Космонавтика  |x История  |2 stltpush  |3 (RuTPU)RU\TPU\subj\15891  |9 42094 
610 1 |a естествознание 
610 1 |a историки 
610 1 |a техника 
610 1 |a персоналии 
675 |a 629.73(09)  |v 4 
675 |a 629.78(09)  |v 4 
702 1 |a Анощенко  |b Н. Д.  |g Николай Дмитриевич  |4 340 
801 1 |a RU  |b 63413507  |c 20120216 
801 2 |a RU  |b 63413507  |c 20170810  |g RCR 
942 |c BK